Social distancing journal /

Sdílený deník studentů a pedagogů ateliéru Intermediální tvorby II Akademie výtvarných umění v Praze v akademickém roce 2020/21.

Hlavní autor: Chang, Ting Chen
Další autoři: Frandsen, Line Elkjaer, Kučera, Hanna, Pitrmuc, Jiří, 1993-, Poubová, Anna, 1992-, Řičánek, Jáchym, 1999-, Seidl, Robin, 1994-, Selmeci, Alexandra, Sceranková, Pavla, 1980-, Štětina, Roman, 1986-, Tomanová, Tereza, Vu, Duc Minh, Zahoranský, Dušan, 1972-
Jazyk: Čeština
Angličtina
Vydáno: [Praha] : NAVU - Nakladatelství AVU, [2021]
Témata:
Fyzický popis: 119 nečíslovaných stran : ilustrace ; 20 cm
Language note: Český a částečně anglický text
Knihy
Uloženo v:
LEADER 03393nam a2200817 i 4500
001 nkc20213349338
003 CZ PrNK
005 20260130100043.0
007 ta
008 210908s2021 xr a e 000 0 cze
015 |a cnb003349338 
020 |a 978-80-88366-24-9  |q (kroužková vazba) 
035 |a (OCoLC)1274109989 
040 |a ABA001  |b cze  |e rda 
041 0 |a cze  |a eng 
043 |a e-xr---  |b e-xr-pg  |2 czenas 
045 |a y2y2 
072 7 |a 378  |x Vysoké školy  |2 Konspekt  |9 22 
080 |a 378.011.3-052  |2 MRF 
080 |a 37.011.3-051  |2 MRF 
080 |a 616-036.21  |2 MRF 
080 |a 304  |2 MRF 
080 |a (437.311)  |2 MRF 
080 |a (437.3)  |2 MRF 
080 |a (093.3)  |2 MRF 
080 |a (084.11)  |2 MRF 
100 1 |a Chang, Ting Chen  |4 aut 
245 1 0 |a Social distancing journal /  |c Ting Chen Chang, Line Elkjaer Frandsen, Hanna Kučera, Jiří Pitrmuc, Anna Poubová, Jáchym Řičánek, Robin Seidl, Alexandra Selmeci, Pavla Sceranková, Roman Štětina, Tereza Tomanová, Vu Duc Minh, Dušan Zahoranský 
264 1 |a [Praha] :  |b NAVU - Nakladatelství AVU,  |c [2021] 
300 |a 119 nečíslovaných stran :  |b ilustrace ;  |c 20 cm 
336 |a text  |b txt  |2 rdacontent 
336 |a statický obraz  |b sti  |2 rdacontent 
337 |a bez média  |b n  |2 rdamedia 
338 |a svazek  |b nc  |2 rdacarrier 
500 |a Název tištěn zvratmo, text napříč 
500 |a 60 výtisků 
520 2 |a Sdílený deník studentů a pedagogů ateliéru Intermediální tvorby II Akademie výtvarných umění v Praze v akademickém roce 2020/21. 
546 |a Český a částečně anglický text 
610 2 7 |a Akademie výtvarných umění v Praze.  |b Ateliér intermediální tvorby II.  |7 ko20211126274  |2 czenas 
648 7 |a 2020  |7 ch1076231  |2 czenas 
648 7 |a 21. století  |7 ch460559  |2 czenas 
650 0 7 |a vysokoškolští studenti  |7 ph127281  |z Česko  |y 21. století  |2 czenas 
650 0 7 |a pedagogové  |7 ph137912  |z Česko  |y 21. století  |2 czenas 
650 0 7 |a pandemie  |7 ph330262  |z Česko  |y 2020  |2 czenas 
650 0 7 |a pandemie  |7 ph330262  |x sociální aspekty  |2 czenas 
650 0 9 |a college students  |z Czechia  |y 21st century  |2 eczenas 
650 0 9 |a educationalists  |z Czechia  |y 21st century  |2 eczenas 
650 0 9 |a pandemy  |z Czechia  |y 2020  |2 eczenas 
650 0 9 |a pandemy  |x social aspects  |2 eczenas 
655 7 |a deníky  |7 fd132006  |2 czenas 
655 7 |a obrazové publikace  |7 fd132947  |2 czenas 
655 9 |a diaries  |2 eczenas 
655 9 |a pictorial works  |2 eczenas 
700 1 |a Frandsen, Line Elkjaer  |4 aut 
700 1 |a Kučera, Hanna  |4 aut 
700 1 |a Pitrmuc, Jiří,  |d 1993-  |7 mzk20231182338  |4 aut 
700 1 |a Poubová, Anna,  |d 1992-  |7 jo20261286339  |4 aut 
700 1 |a Řičánek, Jáchym,  |d 1999-  |7 jo20241239022  |4 aut 
700 1 |a Seidl, Robin,  |d 1994-  |7 mzk20241213275  |4 aut 
700 1 |a Selmeci, Alexandra  |4 aut 
700 1 |a Sceranková, Pavla,  |d 1980-  |7 mzk2003186002  |4 aut 
700 1 |a Štětina, Roman,  |d 1986-  |7 xx0098169  |4 aut 
700 1 |a Tomanová, Tereza  |4 aut 
700 1 |a Vu, Duc Minh  |4 aut 
700 1 |a Zahoranský, Dušan,  |d 1972-  |7 ola2002113740  |4 aut 
910 2 |a BOA001  |b UP-1473.894 
928 9 |a Nakladatelství Akademie výtvarných umění 
928 9 |a Akademie výtvarných umění v Praze 
990 |a BK 
995 |a 01 
996 6 |b 2610879817  |c UP-1473.894  |l MZK  |r Sklad / do 24 hodin  |n 0  |p p.v.  |w 001864717  |u 000010  |a 1  |e BOA001  |j MZK50  |s P